Uefa Coeffiecients rankings By Year - Statistics

General Stats
  • This quiz has been taken 46 times
  • The average score is 87 of 96
Answer Stats
Hint Answer % Correct
1 Bayern
100%
2 Bayern
100%
3 Bayern
100%
4 Bayern
100%
5 Bayern
100%
6 Bayern
100%
7 Bayern
100%
8 Bayern
100%
1 Real Madrid
100%
2 Real Madrid
100%
3 Real Madrid
100%
4 Real Madrid
100%
5 Real Madrid
100%
6 Real Madrid
100%
7 Real Madrid
100%
8 Real Madrid
100%
1 Inter
97%
2 Inter
97%
2 Juventus
97%
3 Juventus
97%
4 Juventus
97%
5 Juventus
97%
6 Juventus
97%
7 Juventus
97%
8 Juventus
97%
1 Manchester City
97%
2 Manchester City
97%
3 Manchester City
97%
4 Manchester City
97%
5 Manchester City
97%
6 Manchester City
97%
7 Manchester City
97%
8 Manchester City
97%
1 Manchester United
97%
2 Manchester United
97%
3 Manchester United
97%
4 Manchester United
97%
5 Manchester United
97%
7 Manchester United
97%
1 Barcelona
95%
2 Barcelona
95%
3 Barcelona
95%
4 Barcelona
95%
5 Barcelona
95%
6 Barcelona
95%
7 Barcelona
95%
8 Barcelona
95%
7 PSG
95%
1 Liverpool
95%
2 Liverpool
95%
3 Liverpool
95%
4 Liverpool
95%
5 Liverpool
95%
6 Liverpool
95%
1 PSG
95%
2 PSG
95%
3 PSG
95%
4 PSG
95%
5 PSG
95%
6 PSG
95%
8 PSG
95%
4 Arsenal
92%
5 Arsenal
92%
6 Arsenal
92%
7 Arsenal
92%
8 Arsenal
92%
1 Chelsea
92%
2 Chelsea
92%
3 Chelsea
92%
4 Chelsea
92%
6 Chelsea
92%
8 Chelsea
92%
1 AS Roma
86%
2 AS Roma
86%
3 AS Roma
86%
3 Atletico
86%
4 Atletico
86%
5 Atletico
86%
6 Atletico
86%
7 Atletico
86%
8 Atletico
86%
1 Dortmund
78%
7 Dortmund
78%
8 Dortmund
78%
8 Benfica
70%
6 Porto
70%
7 Porto
70%
2 Sevilla
68%
3 Sevilla
68%
4 Sevilla
68%
5 Sevilla
68%
6 Sevilla
68%
7 Sevilla
68%
8 Sevilla
68%
1 Leipzig
51%
5 Shakhtar
16%
No matching quizzes found
Score Distribution
Percent of People with Each Score
Percentile by Number Answered
Your Score History
You have not taken this quiz